[Event "1er Grand Prix de l'Essonne B"]
[Site "Orsay"]
[Date "2009.02.21"]
[Round "7"]
[White "Perrin, Guillaume"]
[Black "Rasinaru, Alina"]
[Result "1-0"]
[WhiteElo "2302"]
[BlackElo "2018"]
[PlyCount "73"]
[EventDate "2009.02.15"]
[EventType "tourn"]
[EventRounds "7"]
[EventCountry "FRA"]

1. e4 c6 2. d4 d5 3. Nc3 dxe4 4. Nxe4 Bf5 5. Ng3 Bg6 6. h4 h6 7. Nf3 Nd7 8. h5
Bh7 9. Bd3 Bxd3 10. Qxd3 Qc7 11. Ne4 Ngf6 12. g3 Nxe4 13. Qxe4 e6 14. Bf4 Bd6
15. Bxd6 Qxd6 16. O-O-O Qd5 17. Qxd5 cxd5 18. g4 O-O-O 19. Rdg1 Rhg8 20. Kd2
Kc7 21. Nh4 Nf6 22. f3 Kd6 23. Ng2 Rde8 24. Nf4 e5 25. dxe5+ Rxe5 26. Ne2 Kc5
27. Ng3 Rge8 28. Rg2 Re3 29. Rf1 g6 30. hxg6 fxg6 31. Ne2 d4 32. g5 Nd5 33.
gxh6 R3e5 34. Rfg1 Ne3 35. Rg5 Nc4+ 36. Kc1 Rh8 37. b3 1-0

[Event "1er Grand Prix de l'Essonne B"]
[Site "Orsay"]
[Date "2009.02.21"]
[Round "7"]
[White "Baron, Romuald"]
[Black "Gidel, Jean Louis"]
[Result "0-1"]
[WhiteElo "1942"]
[BlackElo "2160"]
[PlyCount "85"]
[EventDate "2009.02.15"]
[EventType "tourn"]
[EventRounds "7"]
[EventCountry "FRA"]

1. e4 d5 2. exd5 Qxd5 3. Nc3 Qa5 4. d4 c6 5. Nf3 Nf6 6. Bd2 Qb6 7. h3 Bf5 8.
Bc4 e6 9. O-O Be7 10. Bb3 O-O 11. Re1 Nbd7 12. Bf4 Rfe8 13. Ne5 Nxe5 14. Bxe5
Nd7 15. Bf4 Bf6 16. Na4 Qd8 17. Qf3 Nb6 18. Nc5 Qc8 19. Rad1 a5 20. g4 Bg6 21.
g5 Bd8 22. a4 Bf5 23. d5 cxd5 24. Bxd5 Nxd5 25. Rxd5 Bb6 26. Nd7 exd5 27. Rxe8+
Qxe8 28. Nxb6 Qe1+ 29. Kh2 Be4 30. Qe3 Qxe3 31. Bxe3 Rd8 32. c3 f6 33. h4 Kf7
34. Kg3 Ke6 35. f3 Bc2 36. Kf4 Kd6 37. Bd4 Kc6 38. b4 axb4 39. cxb4 fxg5+ 40.
hxg5 Rf8+ 41. Kg3 Rf7 42. f4 Bb3 43. f5 0-1

[Event "1er Grand Prix de l'Essonne B"]
[Site "Orsay"]
[Date "2009.02.21"]
[Round "7"]
[White "Baron, Daniel"]
[Black "Baumhauer, Christian"]
[Result "0-1"]
[WhiteElo "2118"]
[BlackElo "2031"]
[PlyCount "82"]
[EventDate "2009.02.15"]
[EventType "tourn"]
[EventRounds "7"]
[EventCountry "FRA"]

1. e4 e5 2. Nf3 Nc6 3. Bb5 a6 4. Ba4 Nf6 5. O-O Be7 6. Re1 b5 7. Bb3 O-O 8. h3
d6 9. c3 Na5 10. Bc2 c5 11. d4 Qc7 12. Nbd2 Bb7 13. Nf1 Rac8 14. d5 Rb8 15. b3
Bc8 16. g4 Ne8 17. Ng3 g6 18. Bh6 Ng7 19. Qd2 Nb7 20. Kh1 Nd8 21. Rg1 Bd7 22.
Rg2 f6 23. Rag1 Nf7 24. Nh4 Nxh6 25. Qxh6 Rf7 26. Nxg6 hxg6 27. Qxg6 Kf8 28. h4
Bd8 29. h5 Bc8 30. Rh2 Ne8 31. h6 Rh7 32. Nf5 Qf7 33. Qxf7+ Kxf7 34. Bd1 Kf8
35. f4 exf4 36. e5 Bxf5 37. gxf5 fxe5 38. f6 Nxf6 39. Bc2 Rbb7 40. c4 e4 41.
Rf1 f3 0-1